Smarter bomb: Woman and children as suicide bombers (Record no. 22617)

MARC details
000 -LEADER
fixed length control field 00478nam a2200169Ia 4500
008 - FIXED-LENGTH DATA ELEMENTS--GENERAL INFORMATION
fixed length control field 230917s9999||||xx |||||||||||||| ||und||
020 ## - ISBN
Price GBP18.95
040 ## - CATALOGING SOURCE
-- 240124
Original cataloging agency VIVEKANANDA LIBRARY
041 ## - Language
-- English
082 ## - DDC NUMBER
Classification number 363.325019 B455S
100 ## - MAIN ENTRY--PERSONAL NAME
Personal name Berko, Anat
245 #0 - TITLE STATEMENT
Title Smarter bomb: Woman and children as suicide bombers
260 ## - PUBLICATION, DISTRIBUTION, ETC. (IMPRINT)
Place of publication, distribution, etc Lanham
Name of publisher, distributor, etc Rowman And Little Field
Date of publication, distribution, etc 2016
300 ## - PHYSICAL DESCRIPTION
Pages xv, 206 p.
500 ## - GENERAL NOTE
General note 2720 22/05/2017 KB17/36 26/05/2017 Main Budget
942 ## - ADDED ENTRY ELEMENTS (KOHA)
Koha item type Books
Holdings
Withdrawn status Lost status Damaged status Not for loan Location (home branch) Sublocation or collection (holding branch) Date acquired Koha issues (times borrowed) Koha full call number Accession No. Koha date last seen Koha item type
        VIVEKANANDA LIBRARY VIVEKANANDA LIBRARY 21/07/2017   363.325019 B455S 362056 17/09/2023 Books
© Designed and Maintained by Vivekananda Library, MDU Rohtak